000 00602nam a22001695i 4500
001 48783
003 ES-MaACL
005 20230906161823.0
007 t|
008 950731s1822 sp ||||1| spa d
040 _aCAM
_bspa
_cCAM
100 1 _aDíez, Hilarión.
_944649
245 1 0 _aContestación que el Provl. de Agustinos Calzados de Filipinas con fecha 5 de febrero de 1822 ha dado a la Diputación Provincial de Manila sobre misiones /
_c[Hilarión Díez].
260 _aMadrid :
_b[s.n.],
_c1822 (
_fLeonardo Núñez de Vargas)
300 _a14 p. ;
_c21 cm.
852 _aES-MaACL
_jFol-Laf-321
999 _c48783
_d48783